000
00259nam a22001217a 4500
008
181217b xxu||||| |||| 00| 0 eng d
041
_a
eng
080
_2
3 TH
_a
510
100
_a
37
101
_a
MAT
245
_a
College Algebra
_c
Gary.R
942
_2
udc
_c
BK
999
_c
53205
_d
53205